| 000 | 00798cam a2200265 a 4500 | ||
|---|---|---|---|
| 001 | 000009442 | ||
| 005 | 20200929161609.0 | ||
| 008 | 010115s2000 ve 000 f spa d | ||
| 020 | _a9802763322 | ||
| 035 | _a(BoCbEI)ei 0101M0009 | ||
| 040 |
_aDO-SdBNP _bspa _cLC _dBNPHU |
||
| 082 |
_aV863.44 _bB198p |
||
| 100 | 1 |
_aBalza, José, _d1939- _923351 |
|
| 245 | 1 | 0 |
_aPercusión / _cJosé Balza ; prólogo de Carmen Ruiz Barrionuevo. |
| 260 |
_aCaracas : _bFundación Biblioteca Ayacucho, _c[2000]. |
||
| 300 |
_a188 p. ; _c23 cm. |
||
| 490 | 1 | _aFuturo | |
| 650 | 4 |
_aNovela venezolana _93962 |
|
| 650 | 4 |
_aLiteratura venezolana _93816 |
|
| 700 | 1 |
_aRuiz Barrionuevo, Carmen, _epról. _915643 |
|
| 830 | 0 |
_aFuturo _924242 |
|
| 910 | _aCatalogación por copia / LC | ||
| 910 | _aWM | ||
| 049 | _aBNGR | ||
| 999 |
_c9202 _d9202 |
||